|
|
|
|
| LEADER |
00000nab a2200000 a 4500 |
| 001 |
vtls010097223 |
| 003 |
SK-MaSNL |
| 005 |
20260304161432.0 |
| 008 |
250507|2010 xo |||||||||||||| b|slo |
| 015 |
|
|
|a SNBRA2010/05
|2 snkbucl
|
| 035 |
|
|
|a (uuid)ba81047e-59de-4ddf-bf2f-1bef99e872eb
|
| 035 |
|
|
|a urn:nbn:sk:snk-ab165c
|
| 035 |
|
|
|a (urnnbn)urn:nbn:sk:snk:ar-003jcp
|
| 038 |
|
|
|a SNKBUCL
|
| 040 |
|
|
|a SNKBUCL
|b slo
|c SNKBUCL
|e AACR2
|
| 041 |
0 |
|
|a slo
|
| 044 |
|
|
|a xo
|c SK
|
| 080 |
|
|
|a 070.48:061.2:930.25
|x (437.6)
|x "2009"
|2 2001
|
| 080 |
|
|
|a 061.2:930.25
|x (437.6)
|x "2009"
|2 2001
|
| 100 |
1 |
|
|a Kinčok, Branislav,
|d 1979-
|4 aut
|9 446934
|
| 245 |
1 |
0 |
|a Prehľad článkov uverejnených v roku 2009
|c vypracoval Branislav Kinčok
|
| 610 |
2 |
7 |
|a Ústav pamäti národa
|2 snkbucl
|9 96526
|
| 630 |
0 |
7 |
|a Pamäť národa (časopis)
|2 snkbucl
|9 1485423
|
| 648 |
|
7 |
|a 2009
|2 snkbucl
|9 320114
|
| 655 |
|
7 |
|a bibliografické prehľady
|2 snkbucl
|9 534643
|
| 773 |
0 |
|
|t Pamäť národa
|g Roč. VI, č. 1 (2010), s. 99-100
|x 1336-6297
|
| 850 |
|
|
|a Slovenská národná knižnica
|
| 852 |
|
|
|a Slovenská národná knižnica
|
| 856 |
4 |
1 |
|u http://www.upn.gov.sk/publikacie_web/pamat-naroda/pamat-naroda-01-2010.pdf
|
| 954 |
|
|
|a odborná, vedecká literatúra pôvodná (slovenská)
|2 lita
|
| 958 |
|
|
|a article27
|
| 958 |
|
|
|a OND
|
| 958 |
|
|
|a EUIPO
|
| 999 |
|
|
|c 2971069
|d 2972999
|